000 01085nam a22002537a 4500
005 20170124103000.0
010 _aA-732182
020 _c80.00
035 _aA-732182
037 _bCen Lib/Ret
040 _aDPL
_bHN
082 _a
_bअवस्थी
100 _aअवस्थी, राजेन्द्र
_96449
245 _aमछली बाज़ार /
_cराजेन्द्र अवस्थी
246 _aMachhli bazar /
_bby Rajendra Avasthi
260 _aदिल्ली
_bविद्या पुस्तक सदन
_c1995
270 _bदिल्ली
_aबी-887, चित्रकूट एन्क्लेव, अम्बेदकर मार्ग
_e110093
300 _a127पृ.
_c21सेमी (सजिल्द)
650 _a हिन्दी साहित्य
_954505
650 _a हिन्दी साहित्य -- उपन्यास
_946379
650 _aHindi literature
_954506
650 _aHindi literature -- Fiction
_954507
942 _2ddc
_cHN
_h
_mअवस्थी
999 _c113935
_d113935